| 000 | 01986cam a2200505 i 4500 | ||
|---|---|---|---|
| 999 |
_c64967 _d64967 |
||
| 001 | 768714001 | ||
| 003 | CO-MdFUSB | ||
| 005 | 20190423131119.0 | ||
| 008 | 161230s2017 miu bd 001 0 eng | ||
| 010 | _a 2016058819 | ||
| 020 |
_a9780801049699 _q(hardcover) |
||
| 029 | 1 |
_aCHBIS _b010820972 |
|
| 029 | 1 |
_aCHVBK _b491674244 |
|
| 040 |
_aDLC _beng _erda _cCO-MdFUSB _dYDX _dOCLCO _dOCLCF _dOCLCQ _dEXC _dLNT _dYDX _dTLE _dGGB _dPTS _dCO-MdFUSB |
||
| 041 | _aeng | ||
| 042 | _apcc | ||
| 049 | _aPTSS | ||
| 082 | 0 | 0 |
_a284.103 _bD554 _223 |
| 242 | 1 |
_aDiccinario de Lutero y la tradición luterana. _linglés. |
|
| 245 | 0 | 0 |
_aDictionary of Luther and the Lutheran traditions / _cTimothy J. Wengert, editor general ; Mark A. Granquist , Mary Jane Haemig, Robert Kolb , Mark C. Mattes , and Jonathan Strom, editores asociados. |
| 264 | 1 |
_aGrand Rapids, MI : _bBaker Academic, a division of Baker Publishing Group, _c[2017] |
|
| 264 | 4 | _c©2017 | |
| 300 |
_axxv, 850 páginas ; _c27 cm. |
||
| 336 |
_atexto _btxt _2rdacontent |
||
| 337 |
_asin mediación _bn _2rdamedia |
||
| 338 |
_avolumen _bnc _2rdacarrier |
||
| 500 | _aIncluye contribuciones por: Kenneth G. Appold, Craig D. Atwood, Roy A. Harrisville, George Hunsinger, Anna Marie Johnson, John A. Maxfield, Walter Sundberg, Andrew L. Wilson, Sarah Hinlicky Wilson. | ||
| 505 | _aDiccionario luterano. | ||
| 563 | _aPasta dura. | ||
| 600 | 1 | 7 |
_aLuther, Martin _d(1483-1546) _vDiccionarios. |
| 610 | 0 |
_bIglesia Luterana. _vDiccionarios. |
|
| 650 | 0 |
_aLutheran Church _vDictionaries. |
|
| 700 | 1 |
_aWengert, Timothy J., _eeditor. |
|
| 700 | 1 |
_aGranquist, Mark Alan, _d1957- _eeditor. |
|
| 700 | 1 |
_aHaemig, Mary Jane, _eeditor. |
|
| 700 | 1 |
_aKolb, Robert, _d1941- _eeditor. |
|
| 700 | 1 |
_aMattes, Mark C., _eeditor. |
|
| 700 | 1 |
_aStrom, Jonathan, _eeditor. |
|
| 942 | _cREF | ||
| 945 | _aMARCIVE20181205 | ||